000 01101nam a2200301 i 4500
001 000022257
003 DO-SdBNP
005 20231010104257.0
007 ta
008 100921s1993 dr abc 000 0 spa d
040 _aDO-SdBNP
_bspa
_cBNPHU
_erda
082 _a972.93054
_bG216y, 1993
_222
100 1 _aGarcía Reyes, Federico
_946011
_eautor
245 1 0 _aYo dispare contra Caamaño /
_cFederico García Reyes.
250 _a5ta edición
264 1 _aSanto Domingo :
_bTaller,
_c1993.
300 _a145 páginas :
_bilustraciones, mapa, retratos ;
_c21 cm.
336 _2rdacontent
_atexto
_btxt
337 _2rdamedia
_asin mediación
_bn
338 _2rdacarrier
_avolumen
_bnc
490 0 _aBiblioteca Taller
_v240
500 _aIncluye datos biográficos del autor en la contracubierta
590 _aInventariado, 2023/ YL
600 1 4 _a Caamaño Deñó, Francisco Alberto, C
_d1932-1973
_910026
651 4 _aRepública Dominicana
_xHistoria
_yREVOLUCIÓN, 1965
_92167
910 _aYLockward/ Validado. Control de calidad EMS
942 _2ddc
_cLBS1
999 _c21755
_d21755